000 00284nam a22001337a 4500
008 170818b xxu||||| |||| 00| 0 eng d
020 _a9780321557186
041 _aeng
080 _28TH
_a51
100 _a37
101 _aMAT
245 _aALGEBRA
_cBITTINGER,M.L
942 _2udc
_cBK
999 _c24063
_d24063